Vigencia del nominalismo. Deuda dineraria y deuda de valor / (Registro nro. 5314)
[ vista simple ]
| 000 -LEADER | |
|---|---|
| fixed length control field | 01745nab a22002537a 4500 |
| 003 - CONTROL NUMBER IDENTIFIER | |
| control field | OSt |
| 005 - DATE AND TIME OF LATEST TRANSACTION | |
| control field | 20250218123248.0 |
| 008 - FIXED-LENGTH DATA ELEMENTS--GENERAL INFORMATION | |
| fixed length control field | 190603e xxum|||| |||| 00| 0 spa d |
| 040 ## - CATALOGING SOURCE | |
| Transcribing agency | PJ-TDF |
| 100 ## - MAIN ENTRY--PERSONAL NAME | |
| 9 (RLIN) | 6364 |
| Personal name | Moreno, Valeria |
| 245 10 - TITLE STATEMENT | |
| Title | Vigencia del nominalismo. Deuda dineraria y deuda de valor / |
| Statement of responsibility, etc | Valeria Moreno. |
| 260 ## - PUBLICATION, DISTRIBUTION, ETC. (IMPRINT) | |
| Date of publication, distribution, etc | Ciudad Autónoma de Buenos Aires : |
| Place of publication, distribution, etc | Thomson Reuters La Ley, |
| Name of publisher, distributor, etc | 2024. |
| 300 ## - PHYSICAL DESCRIPTION | |
| Extent | p. 33-41 |
| 500 ## - GENERAL NOTE | |
| General note | Cita: TR LALEY AR/DOC/1981/2024.<br/><br/>Publicado en: R.C.C. y C. 2024 (Septiembre-Octubre). EDICIÓN ESPECIAL: XXIX Jornadas Nacionales de Derecho Civil. |
| 505 ## - FORMATTED CONTENTS NOTE | |
| Formatted contents note | Sumario: I. La deuda dineraria.— II. El principio nominalista.— III. La ley de convertibilidad del austral y la reafirmación del principio nominalista.— IV. La obligación de valor y la depreciación monetaria en plena vigencia del principio nominalista.— V. Una vez liquidada la deuda de valor, ¿la deuda continúa con esa naturaleza o se transforma en deuda dineraria? Debate doctrinario.— VI. Toma de posición del art. 772 del Cód. Civ. y Com.— VII. El planteo de inconstitucionalidad del art. 7° de la Ley de Convertibilidad. La doctrina y la postura de la Suprema Corte de Justicia de la Provincia de Buenos Aires en un reciente fallo.<br/> |
| 505 ## - FORMATTED CONTENTS NOTE | |
| Title | ¿Te interesa el texto completo? Solicitalo al correo: koha@justierradelfuego.gov.ar |
| 650 #0 - SUBJECT ADDED ENTRY--TOPICAL TERM | |
| 9 (RLIN) | 3790 |
| Topical term or geographic name as entry element | ACTUALIZACIÓN MONETARIA |
| 650 #0 - SUBJECT ADDED ENTRY--TOPICAL TERM | |
| 9 (RLIN) | 292 |
| Topical term or geographic name as entry element | ECONOMIA Y FINANZAS |
| 650 #0 - SUBJECT ADDED ENTRY--TOPICAL TERM | |
| 9 (RLIN) | 4601 |
| Topical term or geographic name as entry element | INFLACIÓN |
| 650 #0 - SUBJECT ADDED ENTRY--TOPICAL TERM | |
| 9 (RLIN) | 6312 |
| Topical term or geographic name as entry element | CONVERTIBILIDAD |
| 650 #0 - SUBJECT ADDED ENTRY--TOPICAL TERM | |
| 9 (RLIN) | 4597 |
| Topical term or geographic name as entry element | CONSTITUCIONALIDAD |
| 773 0# - HOST ITEM ENTRY | |
| Host Biblionumber | 2713 |
| Host Itemnumber | 3170 |
| Place, publisher, and date of publication | Ciudad Autónoma de Buenos Aires : Thomson Reuters La Ley, 2015- |
| Title | Revista Código Civil y Comercial. Nº 5 - Septiembre-Octubre 2024 |
| 942 ## - ADDED ENTRY ELEMENTS (KOHA) | |
| Source of classification or shelving scheme | |
| Koha item type | Analítica Artículo de Revista |
No hay ítems disponibles.
